00639nam a22001817a 4500003000500000005001700005008004100022010001000063011001000073035001000083040000900093100003700102245014600139260004100285300002000326502009800346650001300444CHAP20220329140758.0971013s1981 r 00010 d a57473 a58445 a62600 cCHAP00aSoto Contreras, Víctor Manuel. aAnálisis de factores que influyen en la producción del nogal pecanero (Carya illinoensis Koch.) en la región de Jiménez, Chih. Méx. a(Monterrey, N.L.) :bEl autor,c1981 a119 h.b: ilus. aTesis (Ing. Agr. Esp. en Producción) -- ITEMS. Div. de Ciencias AGropecuarias y Marítimas14aPecán.